[Event "Cracovia 2010"]
[Site "Krakow"]
[Date "2011.01.04"]
[Round "9.26"]
[White "Martynov, Pavel"]
[Black "Mrva, Vladimir"]
[Result "1-0"]
[WhiteElo "2183"]
[BlackElo "2128"]
[PlyCount "91"]
[EventDate "2011.??.??"]

1. e4 e5 2. Nf3 Nf6 3. Nxe5 d6 4. Nf3 Nxe4 5. Nc3 Nf6 6. d4 Be7 7. Bd3 Bg4 8.
Be3 Nbd7 9. Qd2 Bxf3 10. gxf3 d5 11. O-O-O Nb6 12. Rhg1 g6 13. Bg5 h6 14. Bxh6
Qd7 15. Bg7 Rh4 16. Rde1 O-O-O 17. Rxe7 Qxe7 18. Qg5 Ng8 19. Qxe7 Nxe7 20. Bf6
Rxh2 21. Bxe7 Re8 22. Bg5 Rxf2 23. f4 c6 24. b3 Nd7 25. Nd1 Rf3 26. Rg2 f6 27.
Bh6 Nf8 28. Be2 Rxe2 29. Rxe2 Nd7 30. Rg2 g5 31. fxg5 fxg5 32. Bxg5 b6 33. Rf2
Rg3 34. Bf4 Rg1 35. Bh2 Rg4 36. Rf4 Rg2 37. Rh4 Nf6 38. Ne3 Rg8 39. Be5 Rg1+
40. Kb2 Nd7 41. Rh8+ Kb7 42. Rh7 Kc8 43. Nf5 a6 44. Rh8+ Kb7 45. Nd6+ Ka7 46.
Rh7 1-0

[Event "Cracovia 2010"]
[Site "Krakow"]
[Date "2011.01.04"]
[Round "9.27"]
[White "Kumor, Lukasz"]
[Black "Kireev, Andrey"]
[Result "1/2-1/2"]
[WhiteElo "2178"]
[BlackElo "2127"]
[PlyCount "85"]
[EventDate "2011.??.??"]

1. e4 c5 2. Nf3 a6 3. c3 d6 4. d4 Nd7 5. Bd3 Qc7 6. O-O e5 7. Na3 Ngf6 8. Bg5
Be7 9. Nc4 O-O 10. Bh4 b5 11. Ne3 Bb7 12. Nf5 Rfe8 13. Re1 Bf8 14. Qd2 h6 15.
d5 c4 16. Bc2 Kh7 17. h3 g6 18. Ne3 Ng8 19. g4 Nc5 20. Kg2 Be7 21. Bg3 Bc8 22.
Qe2 Bd7 23. Nd2 Bg5 24. Kh1 Qd8 25. Ng2 Kg7 26. Rad1 h5 27. f3 Nf6 28. Ne3 Rh8
29. Kg2 Bf4 30. Rh1 Qe7 31. Bf2 hxg4 32. hxg4 Nh7 33. Rdg1 Ng5 34. Be1 Rxh1 35.
Rxh1 Rh8 36. Rxh8 Kxh8 37. Qf2 Kg7 38. Ndf1 Qd8 39. Qh4 a5 40. Bd2 Qf6 41. Qf2
Kg8 42. Be1 Bc8 43. Bd1 1/2-1/2

[Event "Cracovia 2010"]
[Site "Krakow"]
[Date "2011.01.04"]
[Round "9.28"]
[White "Szuper, Paul"]
[Black "Wiewiora, Eneasz"]
[Result "1/2-1/2"]
[WhiteElo "2174"]
[BlackElo "2118"]
[PlyCount "153"]
[EventDate "2011.??.??"]

1. d4 c5 2. d5 e5 3. e4 d6 4. Nc3 g6 5. Nf3 Bg7 6. h4 Nf6 7. Bd2 a6 8. a4 b6 9.
Qc1 Nbd7 10. Ra3 Bb7 11. Bh6 Bxh6 12. Qxh6 Ng4 13. Qd2 h6 14. h5 g5 15. Ng1
Ngf6 16. f3 Qc7 17. Bc4 Ng8 18. Nge2 Ne7 19. g4 O-O 20. O-O Rfb8 21. Rfa1 Nf6
22. Ng3 Bc8 23. Qe2 Ne8 24. Kh2 Qd8 25. Nd1 Nc7 26. Nf1 Bd7 27. Nc3 Rb7 28. Ne3
Kf8 29. Bd3 Qb8 30. Nc4 Nc8 31. Qf2 f6 32. R3a2 Rba7 33. b3 Ke7 34. Qd2 Ne8 35.
Nd1 Qc7 36. Nde3 Rb8 37. Kg3 Kf7 38. Nf5 Bxf5 39. exf5 Rba8 40. Rb1 b5 41. Na5
b4 42. Nc6 Rb7 43. c3 bxc3 44. Qxc3 a5 45. Bb5 Qb6 46. Rc2 Ne7 47. Qc4 Nc7 48.
b4 axb4 49. Nxb4 cxb4 50. Bc6 Rab8 51. a5 Qxa5 52. Ra2 Qb6 53. Ra4 Qe3 54. Bxb7
Qf4+ 55. Qxf4 gxf4+ 56. Kf2 Rxb7 57. Raxb4 Rxb4 58. Rxb4 Ncxd5 59. Rb7 Ne3 60.
Ke2 d5 61. Kd3 Ke8 62. Rb6 Kf7 63. Rb7 d4 64. Ra7 N3d5 65. Rb7 Nc3 66. Ra7 Nb5
67. Rb7 Nd6 68. Rd7 Nb5 69. Rb7 Nc3 70. Ra7 Ncd5 71. Rb7 Ne3 72. Ra7 Ke8 73.
Ra8+ Kf7 74. Ra7 N3d5 75. Rb7 Ke8 76. Rb8+ Kf7 77. Rb7 1/2-1/2

[Event "Cracovia 2010"]
[Site "Krakow"]
[Date "2011.01.04"]
[Round "9.29"]
[White "Veltkamp, Gerben"]
[Black "Polok, Kacper"]
[Result "1-0"]
[WhiteElo "2171"]
[BlackElo "2089"]
[PlyCount "87"]
[EventDate "2011.??.??"]

1. c4 e5 2. Nc3 Bb4 3. Nf3 Bxc3 4. dxc3 Nc6 5. g3 d6 6. Bg2 f5 7. c5 d5 8. b4
a6 9. Bg5 Nf6 10. c4 e4 11. Nd4 h6 12. Nxc6 bxc6 13. Bf4 O-O 14. Qd4 Rf7 15.
Bh3 Be6 16. Rd1 Qd7 17. Be5 Rd8 18. O-O Nh5 19. cxd5 cxd5 20. f4 Kh7 21. Rb1 g5
22. Rb3 Rg8 23. Kh1 Qb5 24. Re1 gxf4 25. gxf4 Qc4 26. e3 Rg6 27. Bf1 Qxd4 28.
Bxd4 Bd7 29. Ra3 Bb5 30. Bxb5 axb5 31. Rg1 Nf6 32. Rxg6 Kxg6 33. Ra6 Rf8 34.
Kg2 Rf7 35. Kf2 Rf8 36. Ke2 Rf7 37. Kd2 h5 38. h4 Rf8 39. Kc3 Rf7 40. Kb3 Rf8
41. Rc6 Rf7 42. a4 bxa4+ 43. Kxa4 Kg7 44. b5 1-0

[Event "Cracovia 2010"]
[Site "Krakow"]
[Date "2011.01.04"]
[Round "9.30"]
[White "Izzat, Kanan Azar Oglu"]
[Black "Jacko-jun., Vladimir"]
[Result "1-0"]
[WhiteElo "2112"]
[BlackElo "2163"]
[PlyCount "97"]
[EventDate "2011.??.??"]

1. d4 Nf6 2. c4 g6 3. Nc3 Bg7 4. e4 d6 5. f4 O-O 6. Nf3 c5 7. dxc5 Qa5 8. Bd3
Qxc5 9. Qe2 Nc6 10. Be3 Qh5 11. h3 Bg4 12. O-O Bxf3 13. Qxf3 Qxf3 14. Rxf3 Nd7
15. Rc1 Nc5 16. Bb1 a5 17. Rf2 a4 18. Nb5 Ne6 19. Rd2 Rfc8 20. Nc3 a3 21. b3
Nb4 22. Na4 Rxa4 23. bxa4 Bb2 24. Rcd1 Rxc4 25. f5 Nc5 26. Bxc5 Rxc5 27. fxg6
hxg6 28. Rf2 Kg7 29. Rf3 Ra5 30. Rdf1 f6 31. Rg3 Rxa4 32. e5 Bxe5 33. Rxg6+ Kf7
34. Rg4 e6 35. Bg6+ Ke7 36. Bc2 f5 37. Rh4 Nxc2 38. Rxa4 b5 39. Ra5 Bd4+ 40.
Kh1 b4 41. Rb5 Bc3 42. g4 Nd4 43. Rb7+ Kf6 44. gxf5 exf5 45. Rb1 Nc6 46. Rb6
Nd4 47. R6xb4 Bxb4 48. Rxb4 Ke5 49. Ra4 1-0

[Event "Cracovia 2010"]
[Site "Krakow"]
[Date "2011.01.04"]
[Round "9.31"]
[White "Koykka, Pekka"]
[Black "Gawronski, Lukasz"]
[Result "1-0"]
[WhiteElo "2142"]
[BlackElo "2043"]
[PlyCount "55"]
[EventDate "2011.??.??"]

1. d4 Nf6 2. Bg5 d5 3. e3 c6 4. Bd3 Nbd7 5. Nf3 g6 6. Nbd2 Bg7 7. O-O O-O 8. c4
Re8 9. Rc1 h6 10. Bh4 g5 11. Bg3 Nh5 12. cxd5 Nxg3 13. dxc6 bxc6 14. hxg3 e5
15. Be4 Rb8 16. b3 Qa5 17. Bxc6 Rd8 18. Ba4 g4 19. Nc4 Qb4 20. Bxd7 gxf3 21.
Bxc8 fxg2 22. Kxg2 Rbxc8 23. d5 e4 24. Qg4 Qe7 25. d6 Qe8 26. Rh1 Rc5 27. Rxh6
Qc6 28. Rch1 1-0

[Event "Cracovia 2010"]
[Site "Krakow"]
[Date "2011.01.04"]
[Round "9.32"]
[White "Lewtak, Damian"]
[Black "Malec, Sebastian"]
[Result "1/2-1/2"]
[WhiteElo "2100"]
[BlackElo "2210"]
[PlyCount "93"]
[EventDate "2011.??.??"]

1. e4 c5 2. Nf3 Nc6 3. Nc3 e5 4. Bc4 Be7 5. O-O d6 6. d3 Bg4 7. h3 Bh5 8. Nd5
Nf6 9. c3 a6 10. a4 Rb8 11. Qe2 b5 12. axb5 axb5 13. Bb3 Qd7 14. Qe3 O-O 15.
Ra6 Bd8 16. Ra2 h6 17. Nh2 Nxd5 18. Bxd5 Ne7 19. Bb3 Bb6 20. Qg3 Kh7 21. Qh4
Be2 22. Ng4 Ng8 23. Re1 Bxd3 24. Bd5 Qd8 25. Qg3 c4 26. Kh2 h5 27. Ne3 g6 28.
b3 Nf6 29. bxc4 Nxe4 30. Bxe4 Bxe4 31. Nd5 Bxd5 32. cxd5 f5 33. Qd3 Qc7 34. Rb2
Qc4 35. Qd2 f4 36. Rb4 Qc5 37. Re2 Ba5 38. Rb3 Rfc8 39. Ba3 Qc4 40. Bxd6 Qxb3
41. Rxe5 Rb7 42. Rxh5+ gxh5 43. Qd3+ Kg8 44. Qg6+ Rg7 45. Qe6+ Kh7 46. Qf5+ Kg8
47. Qe6+ 1/2-1/2

[Event "Cracovia 2010"]
[Site "Krakow"]
[Date "2011.01.04"]
[Round "9.33"]
[White "Gorbatenko, Kateryna"]
[Black "Marczuk, Dominik"]
[Result "1/2-1/2"]
[WhiteElo "2138"]
[BlackElo "1908"]
[PlyCount "107"]
[EventDate "2011.??.??"]

1. d4 Nf6 2. c4 g6 3. Nc3 Bg7 4. e4 d6 5. Nf3 O-O 6. Be2 e5 7. d5 a5 8. Bg5 h6
9. Bh4 Na6 10. Nd2 Qe8 11. O-O Nh7 12. a3 Bd7 13. Rb1 f5 14. f3 f4 15. b4 axb4
16. axb4 b6 17. Bf2 g5 18. c5 bxc5 19. Bxa6 Rxa6 20. bxc5 h5 21. c6 Bc8 22. Rb8
g4 23. Nb5 Qf7 24. Na7 g3 25. hxg3 fxg3 26. Be3 Rxa7 27. Bxa7 Qf4 28. Qe2 Bh6
29. Rd1 h4 30. Nf1 Qf6 31. Be3 Bxe3+ 32. Qxe3 Ng5 33. Ra1 h3 34. Nxg3 hxg2 35.
Nf5 Nh3+ 36. Kxg2 Bxf5 37. Rxf8+ Kxf8 38. Ra8+ Kf7 39. exf5 Nf4+ 40. Kf2 Qxf5
41. Qe4 Qh3 42. Ke1 Qg3+ 43. Kd2 Qf2+ 44. Kd1 Qf1+ 45. Kc2 Qf2+ 46. Kb3 Qb6+
47. Ka4 Kg7 48. Rd8 Qa6+ 49. Kb3 Qb6+ 50. Ka4 Qa7+ 51. Kb3 Qb6+ 52. Ka4 Qa7+
53. Kb4 Qb6+ 54. Ka4 1/2-1/2

[Event "Cracovia 2010"]
[Site "Krakow"]
[Date "2011.01.04"]
[Round "9.34"]
[White "Sadikhov, Ulvi Ramil Oglu"]
[Black "Vaicekauskas, Gytis"]
[Result "1-0"]
[WhiteElo "2115"]
[BlackElo "1972"]
[PlyCount "95"]
[EventDate "2011.??.??"]

1. e4 e5 2. Nf3 Nc6 3. Bb5 a6 4. Ba4 Nf6 5. O-O b5 6. Bb3 Be7 7. Re1 O-O 8. c3
d5 9. exd5 Nxd5 10. Nxe5 Nxe5 11. Rxe5 c6 12. d4 Bd6 13. Re1 Qh4 14. g3 Qh3 15.
Re4 g5 16. Qf1 Qh5 17. Nd2 Nf6 18. f3 Nxe4 19. Nxe4 Be7 20. Bd2 Be6 21. Bxe6
fxe6 22. g4 Qg6 23. Qe2 Rf7 24. Kg2 h6 25. Rf1 Raf8 26. Be1 Bd8 27. Bg3 Bc7 28.
Nc5 Re8 29. Bxc7 Rxc7 30. Re1 a5 31. Qe5 Rce7 32. Re2 Qg7 33. Qd6 e5 34. dxe5
Rxe5 35. Rxe5 Rxe5 36. Ne4 Re7 37. Qxc6 b4 38. Qd5+ Qf7 39. Qxa5 bxc3 40. bxc3
Ra7 41. Qd8+ Kh7 42. Qd3 Rxa2+ 43. Kh3 Kg7 44. c4 Qc7 45. Qd4+ Kh7 46. Nd6 Ra3
47. Qe4+ Kg7 48. Ne8+ 1-0

[Event "Cracovia 2010"]
[Site "Krakow"]
[Date "2011.01.04"]
[Round "9.35"]
[White "Khalafova, Narmin Ilgar Qizi"]
[Black "Motyl, Tomasz"]
[Result "1/2-1/2"]
[WhiteElo "2130"]
[BlackElo "2035"]
[PlyCount "34"]
[EventDate "2011.??.??"]

1. e4 g6 2. d4 d6 3. Nc3 a6 4. Nf3 b5 5. Bd3 Bb7 6. Ne2 Nf6 7. Ng3 Nbd7 8. O-O
Bg7 9. h3 O-O 10. Be3 c5 11. c3 Qc7 12. Qd2 e5 13. Bh6 Rfe8 14. Rfe1 d5 15.
dxe5 Nxe4 16. Nxe4 dxe4 17. Bxe4 Bxe4 1/2-1/2

[Event "Cracovia 2010"]
[Site "Krakow"]
[Date "2011.01.04"]
[Round "9.36"]
[White "Zadlo, Tomasz"]
[Black "Macka, Oto"]
[Result "1-0"]
[WhiteElo "2081"]
[BlackElo "2025"]
[PlyCount "71"]
[EventDate "2011.??.??"]

1. e4 e5 2. Nf3 Nc6 3. Nc3 Nf6 4. a3 d5 5. Bb5 dxe4 6. Nxe5 Qd6 7. Nc4 Qe6 8.
O-O a6 9. Bxc6+ Qxc6 10. Ne5 Qe6 11. d4 Bd6 12. Bf4 Qf5 13. Bg3 O-O 14. Re1 c5
15. Ne2 Re8 16. Nc4 Bf8 17. Nb6 Be6 18. Nxa8 Rxa8 19. Nf4 Rd8 20. Nxe6 Qxe6 21.
Be5 cxd4 22. Bxd4 Bc5 23. c3 Bxd4 24. cxd4 Qb6 25. Qc2 Rxd4 26. Rad1 Rxd1 27.
Rxd1 g6 28. Qc3 Qe6 29. Rd8+ Kg7 30. Qd4 g5 31. Rd6 Qf5 32. h3 h5 33. Rb6 Kg6
34. g3 h4 35. g4 Qf4 36. Qc3 1-0

[Event "Cracovia 2010"]
[Site "Krakow"]
[Date "2011.01.04"]
[Round "9.37"]
[White "Krasiewicz, Robert"]
[Black "Janik, Andrzej"]
[Result "1-0"]
[WhiteElo "2055"]
[BlackElo "1918"]
[PlyCount "57"]
[EventDate "2011.??.??"]

1. d4 d5 2. c4 c6 3. Nf3 Nf6 4. Qc2 e6 5. e3 Nbd7 6. Nc3 Bd6 7. g4 Nxg4 8. Rg1
Ngf6 9. Rxg7 Bf8 10. Rg1 dxc4 11. Bxc4 b5 12. Be2 Bb7 13. Bd2 a6 14. e4 c5 15.
d5 exd5 16. Nxd5 Bxd5 17. exd5 Qc7 18. O-O-O Bd6 19. Qf5 O-O-O 20. Bg5 Ne8 21.
Bxd8 Qxd8 22. Ng5 Ng7 23. Qxf7 Rf8 24. Qxg7 Rxf2 25. Ne4 Bf4+ 26. Kb1 Rxe2 27.
Nxc5 Re7 28. Qg4 Bd6 29. Ne6 1-0

[Event "Cracovia 2010"]
[Site "Krakow"]
[Date "2011.01.04"]
[Round "9.38"]
[White "Karagiannis, Dimitrios"]
[Black "Chrzaszcz, Malvina"]
[Result "1-0"]
[WhiteElo "1873"]
[BlackElo "2054"]
[PlyCount "113"]
[EventDate "2011.??.??"]

1. d4 Nf6 2. c4 e6 3. Nf3 b6 4. e3 Bb7 5. Bd3 c5 6. Nc3 Be7 7. b3 Nc6 8. Bb2
cxd4 9. exd4 d5 10. O-O O-O 11. Rc1 Rc8 12. Na4 a6 13. Qe2 Nh5 14. g3 Nb4 15.
Bb1 Nf6 16. a3 Nc6 17. c5 b5 18. Nc3 Qc7 19. Rcd1 Nd7 20. Bc1 Bf6 21. b4 Rfe8
22. Qd3 Nf8 23. h4 Rcd8 24. Bg5 Qe7 25. Rfe1 Ng6 26. Bxf6 Qxf6 27. h5 Nf8 28.
Ne5 Qg5 29. Qf3 f6 30. Nxc6 Bxc6 31. Re3 Re7 32. Qe2 Be8 33. f4 Qxh5 34. Qxh5
Bxh5 35. Rde1 Bg4 36. Bd3 Rb7 37. Na2 Bh5 38. Nc1 Bf7 39. Bf1 Re8 40. Nb3 Rc7
41. Na5 g6 42. a4 Rb8 43. axb5 axb5 44. Ra1 Be8 45. Rea3 Kf7 46. Nb3 h6 47. Ra7
Rbb7 48. Rxb7 Rxb7 49. Ra6 Ke7 50. Na5 Rb8 51. Ra7+ Kd8 52. Nb7+ Kc8 53. Nd6+
Kd8 54. Nxe8 Kxe8 55. c6 e5 56. c7 Rc8 57. Bxb5+ 1-0

[Event "Cracovia 2010"]
[Site "Krakow"]
[Date "2011.01.04"]
[Round "9.39"]
[White "Wisniowska, Klaudia"]
[Black "Jacko, Vladimir"]
[Result "0-1"]
[WhiteElo "2011"]
[BlackElo "2068"]
[PlyCount "128"]
[EventDate "2011.??.??"]

1. e4 c5 2. Nf3 Nc6 3. d4 cxd4 4. Nxd4 g6 5. c4 Bg7 6. Be3 d6 7. Nc3 Nh6 8. Be2
O-O 9. O-O f5 10. exf5 Nxf5 11. Nxf5 Bxf5 12. Qd2 Qa5 13. Rac1 Be6 14. b3 Rf7
15. Rfd1 Raf8 16. Nd5 Qxd2 17. Rxd2 b6 18. Nc7 Bd7 19. c5 bxc5 20. Bc4 Ne5 21.
Bxf7+ Kxf7 22. h3 Rc8 23. Nd5 Nc6 24. f3 Rb8 25. Kf2 Bf5 26. g4 Bc8 27. Nc3 Be6
28. Ne2 Rb5 29. Nf4 Bc8 30. Nd5 Rb8 31. h4 Bb7 32. Rc4 a5 33. Rf4+ Kg8 34. Re4
e5 35. Rc4 Rf8 36. Nc3 Nd4 37. Nd1 Rxf3+ 38. Ke1 Ba6 39. Bxd4 exd4 40. Ke2 Rh3
41. Nf2 Rxh4 42. Kf3 Bxc4 43. bxc4 Be5 44. Rb2 h5 45. Rb6 Rh2 46. Ra6 hxg4+ 47.
Nxg4 Rxa2 48. Ke4 Kf7 49. Kd5 Re2 50. Ra7+ Ke8 51. Ra8+ Kd7 52. Ra7+ Kc8 53.
Kc6 Kb8 54. Rxa5 d3 55. Rb5+ Kc8 56. Ra5 Kd8 57. Nxe5 dxe5 58. Rxc5 Ke7 59. Rd5
e4 60. c5 Ke6 61. Rd6+ Ke5 62. Kd7 Rf2 63. Ke7 Rh2 64. Re6+ Kd5 0-1